Statistics for Pokemon Groups of Things

Click here to take the quiz!

General Stats

  • This quiz has been taken 155 times
  • The average score is 30 of 45

Answer Stats

HintAnswer% Correct
Fire
99%
Grass
97%
Water
97%
Flying
93%
Electric
92%
Dark
91%
Ground
91%
Normal
91%
Fairy
90%
Ghost
90%
Psychic
90%
Rock
90%
RegionsKanto
89%
Poison
89%
TypesBug
88%
Dragon
88%
Fighting
86%
Steel
85%
Ice
84%
Johto
80%
Sinnoh
74%
Hoenn
72%
Unova
71%
Alola
70%
Cynthia
70%
Lance
68%
Galar
67%
Kalos
67%
ChampionsBlue
65%
Red
61%
Steven
55%
Iris
54%
Wallace
45%
Indio League Badge NamesBoulder Badge
44%
Diantha
43%
Earth Badge
43%
Rainbow Badge
41%
Alder
40%
Leon
39%
Thunder Badge
31%
Cascade Badge
30%
Soul Badge
29%
Marsh Badge
28%
Volcano Badge
23%
Trace
11%

Score Distribution

Percentile by Number Answered

Percent of People with Each Score

Your Score History

You have not taken this quiz